[Event "Winter Chess Classic-A 2019"]
[Site "Saint Louis"]
[Date "2019.11.13"]
[Round "4.4"]
[White "Xiong, Jeffery"]
[Black "Naroditsky, Daniel"]
[Result "1/2-1/2"]
[WhiteElo "2712"]
[BlackElo "2613"]
[Annotator "TA"]
[PlyCount "169"]
[EventDate "2019.11.10"]
[EventType "tourn"]
[EventCountry "USA"]
[SourceTitle "playchess.com"]
[Source "ChessBase"]
[SourceQuality "1"]

{[%evp 11,169,21,16,28,20,26,25,14,21,15,12,15,24,25,31,0,43,2,17,0,0,0,0,-6,0,0,0,0,0,-51,-4,-5,43,0,43,5,20,14,18,14,43,41,44,38,44,33,69,48,48,48,67,44,68,66,67,67,67,67,149,84,84,84,84,68,68,68,68,66,66,66,65,53,70,67,81,82,90,91,93,93,108,81,83,81,84,77,93,86,139,139,139,139,132,0,131,131,131,131,162,161,157,155,147,149,255,255,302,292,383,383,353,334,305,81,84,20,20,20,20,20,22,16,19,8,16,16,19,17,18,8,8,8,8,8,8,0,0,0,4,0,4,0,8,0,8,8,8,8,8,8,8,0,0,0,8,8,8,8,8,0]} 1. e4 e5 2. Nf3 Nc6 3. Bc4 Bc5 4. c3 Nf6 5. d3 a6 6. O-O Ba7 7. a4 {C54: Giuoco Piano: 4 c3 Nf6, main lines with 5 d4 and 5 d3} d6 8. Nbd2 (8. Re1 O-O 9. h3 Kh8 10. b4 Ng8 11. Nbd2 f5 12. b5 Nce7 13. bxa6 bxa6 14. Ba2 Nf6 15. exf5 Nxf5 {½-½ (30) Karjakin,S (2760)-Vitiugov,N (2732) Khanty-Mansiysk 2019}) 8... h6 9. b4 {White has an edge.} Ne7 10. d4 exd4 11. cxd4 d5 $146 ({Predecessor:} 11... O-O 12. Re1 Bg4 13. Qb3 c5 14. e5 dxe5 15. Nxe5 {0-1 (28) Zheng,J (1553)-Halldorsson,T (1730) Helsingor 2019}) 12. Bd3 dxe4 13. Nxe4 Ned5 14. Nxf6+ (14. Nc5 {seems wilder.} O-O 15. Qb3 c6 16. Re1 Bb8 17. a5) 14... Qxf6 15. Qe2+ Be6 16. b5 a5 17. Bd2 Bb6 18. Qe1 Bxd4 19. Nxd4 Qxd4 20. Ra3 (20. Bf5 $11 Qb6 21. Qe5) 20... O-O (20... O-O-O $5 {[%cal Rd5b4]} 21. Qc1 Rd7 $11) 21. Qc1 Rfe8 22. Bb1 {[%mdl 1024] White has compensation.} f5 23. Rg3 {next Bxh6 is good for White.} Kh7 (23... Qxa4 $2 24. Bxh6 Re7 25. Qb2 $18) 24. Re1 Qf6 $1 25. Ba2 f4 (25... c6 $5) 26. Rf3 {[%cal Rd2f4]} Bf7 27. Rxe8 Rxe8 28. Bxa5 Kg8 29. Bd2 Qd4 30. Bxd5 (30. Bxf4 $2 {[#]} Qb2 $1 $19 {[%mdl 512]}) 30... Qxd5 31. Bxf4 Qc5 {[#] ( -> ...Qxc1+)} 32. Rc3 (32. Qxc5 $2 {leads to mate.} Re1#) 32... Qd4 33. h3 $1 ({Don't blunder} 33. Bxc7 $2 Re2 $19) 33... Re2 34. Be3 Qe4 ({Black should play} 34... Qb4 $14) 35. Qd1 (35. Rxc7 $142 {aiming for Qc3.} Bd5 36. Kf1 (36. Rc8+ Kh7 $11)) 35... Bd5 $16 {[%csl Gd5][%cal Re4g2]} 36. f3 Qe5 37. Qd4 (37. Qxe2 {keeps more tension.} Qxc3 38. Bf2 Qa1+ 39. Kh2 Qxa4 40. Bg3) 37... Qxd4 38. Bxd4 $14 {[%mdl 4096] Endgame KRB-KRB} c6 39. bxc6 Bxc6 40. a5 {Black must now prevent a6!} Ra2 41. Rc5 Rd2 42. Bc3 Rd6 43. h4 Kf7 44. Kf2 Rd5 45. Rc4 Bb5 46. Rf4+ Kg8 47. Rg4 Rd7 48. Rg6 Bd3 49. Rb6 Ba6 (49... Bc4 $142 50. Kg3 Bf7) 50. g4 $16 Rc7 51. Bd4 Rd7 52. Bc3 Rc7 $1 {[%cal Rc7c3]} 53. Be5 Rd7 54. f4 Kh7 55. Ke3 h5 56. gxh5 Rd3+ 57. Ke4 Rh3 (57... Rd7 $16 58. Kf5 Rd2) 58. Re6 $18 Rxh4 59. Rg6 Rxh5 60. Rxg7+ Kh6 {Hoping for ...Rxe5+.} 61. f5 Rh4+ 62. Kd5 $2 (62. Kf3 $18 Rh3+ 63. Kg4) 62... Ra4 $16 63. Ke6 ({White should try} 63. Rg6+ $16 Kh5 64. Bc3) 63... Bc4+ $11 {The position is equal.} 64. Kf6 {And now Bc3 would win.} Rxa5 65. Rg4 {[%cal Rg4h4]} Ra6+ 66. Ke7 b5 67. Bd6 Ra7+ 68. Kf6 {[%cal Rg4h4]} Rf7+ 69. Ke5 Kh7 70. f6 Rd7 71. Rg3 Kh6 72. Kf5 {[%cal Rg3h3]} Kh7 73. Be5 Rb7 74. Kg5 Bf7 75. Kf5 Bc4 76. Bd6 Rd7 77. Ke5 Bf7 78. Rg7+ Kh8 $1 79. Rg4 Kh7 80. Be7 {Rg7+ is the strong threat.} Kh8 81. Rh4+ Kg8 82. Bd6 Ra7 83. Rg4+ Kh8 84. Bf8 Rd7 85. Bd6 {Accuracy: White = 54%, Black = 53%.} 1/2-1/2

[Event "Winter Chess Classic-A 2019"]
[Site "Saint Louis"]
[Date "2019.11.13"]
[Round "4.5"]
[White "Sevian, Samuel"]
[Black "Gabuzyan, Hovhannes"]
[Result "1/2-1/2"]
[WhiteElo "2657"]
[BlackElo "2616"]
[Annotator "TA"]
[PlyCount "163"]
[EventDate "2019.11.10"]
[EventType "tourn"]
[EventCountry "USA"]
[SourceTitle "playchess.com"]
[Source "ChessBase"]
[SourceQuality "1"]

{[%evp 24,163,48,22,26,41,51,25,83,81,66,45,35,28,52,47,32,30,36,19,24,23,30,0,0,0,0,0,29,27,28,32,40,-10,14,0,0,0,14,29,74,71,120,135,141,74,85,49,50,38,47,48,59,0,0,0,0,0,0,0,0,0,0,0,0,0,0,0,0,0,0,0,0,0,0,0,0,0,0,0,0,0,0,0,0,0,0,0,0,0,0,0,0,0,0,0,0,0,0,0,0,0,0,0,0,0,0,0,0,0,0,0,0,0,0,0,0,0,0,0,0,0,0,0,0,0,0,0,0,0,0,0,0,0,0,0,0,0,0,0,0,0]} 1. d4 Nf6 2. c4 c5 3. d5 e6 4. Nc3 exd5 5. cxd5 d6 6. Nf3 g6 7. Nd2 Bg7 8. e4 O-O 9. Be2 Na6 10. O-O Ne8 11. Nc4 f5 12. exf5 Bxf5 13. Bf4 Nb4 {A73: Modern Benoni: Classical: Unusual Black 9th moves} 14. Qd2 Qd7 15. Ne3 Nd3 $146 (15... Nc2 $11) ({Predecessor:} 15... Bd3 16. Bg3 Bxe2 17. Qxe2 Nf6 18. a3 Na6 19. Qb5 Rad8 20. Nc4 Qxb5 21. Nxb5 Nxd5 22. Bxd6 {½-½ (70) Haba,P (2445)-Kanovsky,D (2414) Czech Republic 2018}) 16. Bg3 Ne5 17. Rae1 Nc7 18. Kh1 b5 19. f4 Nf7 {[%cal Be5f7,Bf7h8,Bh8g6][%mdl 32]} 20. Nxf5 gxf5 21. Bh4 Rae8 22. Bf3 Nh8 23. Ne2 (23. Bf2 {looks sharper.} Rxe1 24. Rxe1 a5 25. Ne2 Ng6 26. Ng3) 23... Ng6 24. Bf2 b4 25. Ng3 Qa4 26. Rxe8 Nxe8 27. b3 Qd7 28. Ne2 Nf6 29. Qc2 Ng4 30. Bg1 Nh4 (30... Kh8 {with more complications.} 31. Qc4 Bh6 32. a3 a5 33. Qa6 Qd8) 31. Ng3 Nxf3 32. Rxf3 Qf7 33. h3 Nh6 {[#]} 34. Qd1 (34. Re3 $142 $1) 34... Re8 35. Re3 Bf6 36. Nf1 Rxe3 37. Nxe3 Bd4 38. Nc4 (38. Nf1 $14) 38... Qxd5 $11 {The position is equal.} 39. Bxd4 cxd4 40. Qe1 a5 41. Qe8+ Kg7 42. Qd7+ Nf7 {[#] Hoping for ...d3.} 43. Ne5 $1 {[%mdl 576] Pin} h5 (43... dxe5 44. Qxd5) 44. Kh2 h4 45. Nxf7 Qxf7 46. Qxd6 {[%mdl 4096] Endgame KQ-KQ} Qf6 47. Qd5 Kh6 48. Kg1 Qe7 49. Qxd4 {aiming for Qe5!} Qe1+ 50. Kh2 Qg3+ 51. Kh1 Qe1+ 52. Kh2 {Black must now prevent Qf6+.} Qg3+ 53. Kh1 {And now Qh8+ would win.} Qe1+ 54. Qg1 Qxg1+ 55. Kxg1 {KP-KP} Kg6 56. Kf2 (56. Kf1 $5 {[%cal Rf1e2]} Kf7 57. Kf2 $14) 56... Kf6 57. Kf3 Kf7 $1 58. Ke2 {Threatens to win with Kd3.} Ke6 59. Ke3 Ke7 $1 60. Kd3 Kd7 $1 61. Kd4 Kd6 $1 62. Ke3 Ke7 63. Kf2 $1 Kf6 64. Kf1 Kf7 65. Ke1 Ke7 66. Kd1 Kd6 {...Kd5 is the strong threat.} 67. Kd2 Ke6 68. Ke2 Ke7 $1 69. Ke3 Ke6 70. Kd2 Kd6 71. Ke2 Ke6 72. Kf3 Kf6 73. Kf2 Kf7 $1 74. g4 hxg3+ $1 75. Kxg3 Kg6 76. Kf2 Kh5 $1 77. Kf3 Kh4 78. Kg2 Kh5 79. Kg3 Kg6 80. Kf3 {Strongly threatening Ke3.} Kh5 81. Kg2 Kh4 82. Kh2 {Accuracy: White = 70%, Black = 81%.} 1/2-1/2

[Event "Winter Chess Classic-A 2019"]
[Site "Saint Louis"]
[Date "2019.11.14"]
[Round "5.1"]
[White "Gabuzyan, Hovhannes"]
[Black "Sethuraman, S.P."]
[Result "0-1"]
[WhiteElo "2616"]
[BlackElo "2634"]
[Annotator "TA"]
[PlyCount "94"]
[EventDate "2019.11.10"]
[EventType "tourn"]
[EventCountry "USA"]
[SourceTitle "playchess.com"]
[Source "ChessBase"]
[SourceQuality "1"]

{[%evp 14,94,-34,-42,-34,-69,-67,-74,-43,-56,-48,-56,-29,-29,-32,-34,-30,-27,-9,-56,-62,-47,-52,-170,-165,-227,-158,-164,-172,-171,-170,-163,-160,-166,-164,-181,-152,-153,-155,-161,-170,-159,-154,-187,-175,-175,-193,-204,-158,-164,-127,-159,-160,-153,-149,-156,-145,-158,-145,-133,-35,-162,-23,-23,-23,-31,-52,-114,0,0,0,0,0,0,0,0,0,0,-7,-29995,-29996,-29996,-29997]} 1. c4 Nf6 2. d3 e6 3. Nf3 d5 4. Nbd2 c5 5. g3 Nc6 6. Bg2 Be7 7. O-O O-O 8. b3 d4 {A14: English Opening: 1...e6 with b3 by White} 9. Ne1 e5 10. e4 dxe3 {Black is better.} 11. fxe3 Bg4 12. Qc2 $146 ({Predecessor:} 12. Bf3 Bh3 13. Rf2 Qd7 14. Bb2 Rad8 15. Ne4 Ng4 16. Re2 {½-½ (37) Khromov,V (2235)-Zhukova,N (2355) Yalta 1996}) 12... Be2 13. Rf2 Bh5 {...Ng4 is the strong threat.} 14. Ne4 Ng4 {Hoping for ...f5.} 15. Rf1 f5 $36 {[%mdl 2048] Black has the initiative.} 16. Nf2 (16. h3 $5 {[%cal Rh3g4]} fxe4 17. Rxf8+ Qxf8 18. hxg4 Bxg4 19. Bxe4 $11) 16... Qd6 17. Nxg4 Bxg4 18. a3 {[#]} ({Better is} 18. Bd5+ $15 Kh8 19. Qg2) 18... Nd4 $1 $19 {[%mdl 512]} 19. Qf2 (19. exd4 {is a better defense.} Qxd4+ {[%mdl 64] Double Attack} 20. Be3 Qxe3+ 21. Qf2) 19... Nxb3 20. Rb1 Nxc1 21. Bd5+ Kh8 {White must now prevent ...Ne2+.} 22. Rxc1 Rab8 23. a4 b6 24. Ng2 Bh5 25. Rce1 Be8 26. Qc2 Bd7 27. Rf2 a6 28. Qa2 g6 29. Ref1 Bf6 30. e4 Bg7 31. exf5 Bxf5 32. Qb3 Bd7 33. Rxf8+ Rxf8 34. Rxf8+ Bxf8 35. Nh4 Qf6 36. Nf3 Bh6 (36... a5 $17 37. Qd1 Bg7) 37. Kf2 (37. a5 $1 $15 bxa5 38. Qb8+ Bf8 39. Ng5) 37... g5 {[#]} (37... a5 $1 $19 38. h4 Kg7) 38. a5 $1 $11 {[%cal Ra5b6][%mdl 512]} bxa5 {aiming for ...g4.} 39. Qb8+ Bf8 {Strongly threatening ...g4.} 40. Kg2 {[#]} ({White should try} 40. Ke3 $15) 40... Qd6 (40... g4 $1 $17 41. Ng5 (41. Nxe5 Bf5 $15) 41... a4 42. Nf7+ Kg7) 41. Qb7 Qe7 {[#]} 42. Nxg5 $1 {[%mdl 512]} Bf5 (42... Qxg5 43. Qxd7) 43. Nf7+ Kg7 {Threatens to win with ...Qxb7.} 44. Qb6 Qf6 ({Of course not} 44... Bxd3 $6 45. Qh6+ Kg8 46. Qxa6 $14) (44... Bg6 $5 45. Nd8 $8 Bf5 $11) 45. Qc7 Be7 {( -> ...Bh3+!)} 46. Qb8 $2 {[%mdl 8192] [#]} (46. h4 $11) 46... Bh3+ $1 {[%mdl 576] Deflection, Decoy} 47. Kxh3 Qf1+ {[%mdl 64] Double Attack. Accuracy: White = 44%, Black = 65%.} 0-1

[Event "Winter Chess Classic-A 2019"]
[Site "Saint Louis"]
[Date "2019.11.14"]
[Round "5.2"]
[White "Naroditsky, Daniel"]
[Black "Sevian, Samuel"]
[Result "1/2-1/2"]
[WhiteElo "2613"]
[BlackElo "2657"]
[Annotator "TA"]
[PlyCount "63"]
[EventDate "2019.11.10"]
[EventType "tourn"]
[EventCountry "USA"]
[SourceTitle "playchess.com"]
[Source "ChessBase"]
[SourceQuality "1"]

{[%evp 14,63,0,-6,0,0,0,0,20,19,19,19,17,15,8,10,2,0,15,0,3,1,0,2,23,25,42,30,26,29,54,15,22,27,26,8,16,18,17,17,17,6,4,4,8,4,4,5,5,0,0,0]} 1. Nf3 d5 2. g3 Nd7 3. Bg2 e5 4. d3 Ngf6 5. O-O Bd6 6. Nbd2 O-O 7. e4 c6 8. b3 Re8 {B10: Caro-Kann: 2 d3 and 2 c4} 9. Bb2 a5 10. a4 b6 11. Re1 Bb7 12. d4 (12. Nh4 Bb4 13. Qe2 dxe4 14. dxe4 Ba6 15. Qd1 Qc7 16. c3 Bf8 17. Qc2 {½-½ (49) Andriasian,Z (2585)-Bocharov,D (2583) Riadh 2017}) 12... Nxe4 13. dxe5 $146 ({Predecessor:} 13. Nxe4 dxe4 14. Nxe5 Nxe5 15. dxe5 Bxe5 16. Bxe5 Rxe5 17. Bxe4 Qxd1 18. Raxd1 Rae8 19. f4 R5e7 20. Kf2 g6 {½-½ (20) Littlewood,J (2305)-Taylor,P (2229) Birmingham 2002}) 13... Nxd2 $1 14. exd6 Ne4 $1 15. c4 Nxd6 16. cxd5 cxd5 17. Rxe8+ Qxe8 18. Qd4 {[%csl Gb2][%cal Rd4g7] [#]} Qf8 (18... f6 {is more complex.} 19. Ng5 Qe5 20. Qxe5 Nxe5 21. Rd1 Re8) 19. Ba3 Nc5 20. Bxc5 bxc5 21. Qxc5 Qd8 22. Re1 Rc8 23. Qd4 h6 24. h4 Qc7 {The position is equal.} 25. b4 axb4 26. Qxb4 Qc5 27. Rb1 Qxb4 28. Rxb4 Kf8 29. Rb6 Rc6 30. Rxc6 Bxc6 31. Ne5 Bxa4 32. Bxd5 {Accuracy: White = 71%, Black = 60%.} 1/2-1/2

[Event "Winter Chess Classic-A 2019"]
[Site "Saint Louis"]
[Date "2019.11.14"]
[Round "5.3"]
[White "Sarana, Alexey"]
[Black "Xiong, Jeffery"]
[Result "0-1"]
[WhiteElo "2664"]
[BlackElo "2712"]
[Annotator "TA"]
[PlyCount "104"]
[EventDate "2019.11.10"]
[EventType "tourn"]
[EventCountry "USA"]
[SourceTitle "playchess.com"]
[Source "ChessBase"]
[SourceQuality "1"]

{[%evp 10,104,47,37,46,31,37,43,55,26,23,0,0,0,0,0,0,-11,0,-8,-19,-16,0,-4,-4,-6,0,-11,-6,-11,-8,-17,-6,-6,-8,-7,-6,-8,-1,-1,-2,-2,-4,-72,-72,-72,-72,-72,-70,-70,-72,-70,-70,-71,-70,-71,-70,-72,-72,-72,-71,-70,-69,-127,-128,-491,-489,-477,-451,-397,-372,-641,-527,-1591,-1535,-1583,-1497,-1366,-1352,-1299,-1292,-1277,-1237,-1211,-1109,-894,-663,-29967,-29968,-29969,-29972,-29971,-29972,-29971,-29972,-6079,-5804]} 1. d4 g6 2. e4 Bg7 3. c4 d6 4. Nc3 e5 5. d5 a5 6. Bd3 Na6 {A42: Modern Defence: Averbakh Variation} (6... Nd7 7. h4 Ngf6 8. Bc2 Nc5 9. Be3 Bd7 10. Qe2 O-O 11. O-O-O a4 12. Kb1 Qb8 13. h5 Nxh5 14. Rxh5 gxh5 15. Qxh5 {1-0 (40) Volkov,S (2557)-Shariyazdanov,A (2519) Cheliabinsk 2019}) 7. a3 Nc5 8. Bc2 Ne7 {White is slightly better.} 9. Rb1 f5 $146 ({Predecessor:} 9... O-O 10. b4 axb4 11. axb4 Na6 12. Nf3 h6 13. O-O f5 14. Ne1 {½-½ (84) Olarasu,G (2327)-Petrovic,M (2221) Belgrade 2005}) 10. b4 axb4 11. axb4 Nxe4 12. Nxe4 fxe4 13. Ne2 e3 14. Bxe3 Nf5 15. Ba4+ Bd7 16. Bxd7+ Qxd7 17. O-O O-O 18. Nc3 Nxe3 19. fxe3 Rxf1+ 20. Qxf1 {[#]} e4 $1 {[%mdl 512]} 21. Nxe4 Qe7 22. Qd3 $1 Re8 $36 {[%mdl 2048] Black has some pressure.} 23. Nc3 Bxc3 24. Qxc3 Qxe3+ 25. Qxe3 Rxe3 $11 {[%mdl 4096] Endgame KR-KR} 26. Ra1 (26. Kf2 $11 {keeps the balance.} Rc3 27. c5) 26... Rc3 $17 27. Ra7 Rxc4 28. Rxb7 Kf7 29. b5 Kf6 $1 30. b6 cxb6 $1 31. Rxb6 Ke5 32. Rb7 h5 ({Don't play} 32... Kxd5 33. Rxh7 Ke4 34. Re7+ Kf5 35. Rd7 $11) 33. Rg7 {[#]} Rg4 $1 34. Kf2 Kxd5 35. g3 Kd4 36. Kf3 ({Better is} 36. Ra7 $15) 36... Rg5 37. h3 $2 {[%mdl 8192]} (37. h4 $17 Rf5+ 38. Ke2) 37... Rf5+ $19 38. Ke2 Re5+ 39. Kf3 {[#]} Re6 $1 40. g4 $2 (40. Rc7 d5 41. Rc1) 40... d5 41. gxh5 gxh5 42. h4 Re3+ 43. Kf2 Re4 44. Ra7 Rf4+ 45. Kg3 Rf5 46. Kg2 Ke4 47. Re7+ Kd3 48. Rg7 d4 49. Rg8 Ke4 50. Re8+ Re5 51. Rd8 Ke3 52. Kf1 Re4 {Accuracy: White = 42%, Black = 76%.} 0-1

[Event "Winter Chess Classic-A 2019"]
[Site "Saint Louis"]
[Date "2019.11.14"]
[Round "5.4"]
[White "Jumabayev, Rinat"]
[Black "Oparin, Grigoriy"]
[Result "1/2-1/2"]
[WhiteElo "2641"]
[BlackElo "2657"]
[Annotator "TA"]
[PlyCount "112"]
[EventDate "2019.11.10"]
[EventType "tourn"]
[EventCountry "USA"]
[SourceTitle "playchess.com"]
[Source "ChessBase"]
[SourceQuality "1"]

{[%evp 14,112,2,0,0,0,0,0,0,5,5,2,0,0,0,0,0,0,0,-3,0,0,0,0,0,-14,0,0,9,5,13,9,32,33,42,40,45,37,50,21,54,51,57,52,47,45,46,46,56,58,45,62,70,66,89,94,89,64,62,23,12,17,18,0,25,25,25,26,34,34,28,28,29,8,8,8,8,8,15,0,0,0,0,0,0,0,0,0,0,0,0,0,0,0,0,0,0,0,0,0,0]} 1. d4 d5 2. c4 e6 3. Nf3 Nf6 4. g3 Bb4+ 5. Bd2 Be7 6. Bg2 O-O 7. O-O c6 8. Qb3 a5 {E11: Bogo-Indian} 9. Bf4 Nbd7 10. Rc1 Nh5 11. Be3 Nhf6 12. a3 $146 ({Predecessor:} 12. a4 Bd6 13. Nc3 h6 14. Rd1 Qe7 15. Rac1 Bc7 16. Qa2 Re8 17. h3 {1-0 (61) Sargissian,G (2689)-Jakovenko,D (2735) St Petersburg 2018}) 12... h6 13. Qd1 dxc4 14. Rxc4 e5 15. dxe5 Nxe5 16. Rd4 Nxf3+ 17. Bxf3 Qc7 18. Qc2 Be6 19. Nd2 Rfd8 20. Rxd8+ Rxd8 21. Nc4 $36 {[%mdl 2048] Threatening Bb6. White is more active.} Bxc4 22. Qxc4 Nd5 23. Bd2 Bf6 24. Rb1 Qb6 25. Be1 Nc7 26. Qa4 Ra8 27. e3 Qc5 28. h4 Ne6 29. Kg2 Qf5 30. Be4 Nc5 31. Bxf5 Nxa4 32. b3 Nb6 33. h5 Be7 34. a4 Nd5 35. Rd1 Bb4 36. Bxb4 Nxb4 $14 {[%mdl 4096] Endgame KRB-KRN} 37. Rd7 Rb8 $1 38. f4 Nd5 39. Kf3 Nf6 40. Rc7 Ne8 41. Rc8 Rxc8 42. Bxc8 {KB-KN} Nd6 43. Bh3 f5 {The position is equal.} 44. Bf1 Kf7 45. Bd3 Ke6 46. g4 fxg4+ 47. Kxg4 Kd5 48. Kf3 b5 $1 49. axb5 cxb5 50. e4+ Kc5 51. e5 Nc8 52. Ke4 {Strongly threatening f5.} Ne7 53. Be2 Nd5 {[#] White must now prevent ...a4.} 54. Bg4 Nc3+ 55. Kd3 Nd5 $1 {Threatens to win with ...a4.} 56. Ke4 Nc3+ {Accuracy: White = 83%, Black = 81%.} 1/2-1/2

[Event "Winter Chess Classic-A 2019"]
[Site "Saint Louis"]
[Date "2019.11.14"]
[Round "5.5"]
[White "Erdos, Viktor"]
[Black "Akobian, Varuzhan"]
[Result "1/2-1/2"]
[WhiteElo "2613"]
[BlackElo "2627"]
[Annotator "TA"]
[PlyCount "91"]
[EventDate "2019.11.10"]
[EventType "tourn"]
[EventCountry "USA"]
[SourceTitle "playchess.com"]
[Source "ChessBase"]
[SourceQuality "1"]

{[%evp 22,91,20,15,8,0,34,35,60,58,51,67,58,58,68,65,57,65,55,55,69,66,88,60,81,62,108,114,134,124,138,138,137,130,140,129,141,139,139,135,172,86,116,125,155,133,108,102,98,0,121,124,141,6,6,18,19,2,8,0,4,5,10,0,26,0,0,0,5,0,29,0]} 1. Nf3 d5 2. d4 Nf6 3. c4 e6 4. Nc3 Be7 5. Bg5 h6 6. Bxf6 Bxf6 7. e3 O-O 8. Rc1 c6 9. Bd3 Nd7 10. O-O dxc4 11. Bxc4 c5 12. Ne4 cxd4 {D55: Queen's Gambit Declined: 4 Bg5 Be7: Lines without ...h6 and 6...h6 7 Bxf6} 13. Nxd4 Be5 $146 ({Predecessor:} 13... Nb6 14. Nxf6+ Qxf6 15. Bb3 Bd7 16. Qh5 Rfc8 17. Rxc8+ Rxc8 18. Qa5 Ra8 19. Rc1 Qd8 20. h3 {1-0 (55) Livaic,L (2466)-Markidis,K (2370) Kavala 2017}) 14. f4 Bxd4 {White is slightly better.} 15. Qxd4 Nb6 16. Nd6 Nd5 17. Bxd5 Qxd6 18. Bf3 Qxd4 19. exd4 Rd8 20. Rfd1 Rb8 21. Rc7 Rd6 22. d5 Bd7 23. b3 a5 24. Kf2 {[#] Strongly threatening dxe6.} Be8 25. dxe6 Rxd1 26. Bxd1 fxe6 $16 {[%mdl 4096] Endgame KRB-KRB} 27. Bg4 Bf7 28. Bf3 b6 29. Ke3 Kf8 30. h4 Be8 31. Bg4 (31. Ke4 $18) 31... Bf7 32. Be2 h5 33. Bd3 Rd8 34. Rc6 Rb8 35. Rc7 Rd8 36. Bc4 Rd6 {[#]} 37. a4 ({Better is} 37. Ke4 $1 $16) 37... Bg6 $11 38. Be2 Kg8 39. Rc8+ Kf7 40. Rh8 Rd5 41. Bc4 Rd6 42. Be2 Kf6 43. Rf8+ Ke7 44. Rg8 Kf7 45. Rh8 Kf6 46. Rf8+ {Accuracy: White = 43%, Black = 49%.} 1/2-1/2

[Event "Winter Chess Classic-A 2019"]
[Site "Saint Louis"]
[Date "2019.11.15"]
[Round "6.1"]
[White "Sethuraman, S.P."]
[Black "Akobian, Varuzhan"]
[Result "1-0"]
[WhiteElo "2634"]
[BlackElo "2627"]
[Annotator "TA"]
[PlyCount "85"]
[EventDate "2019.11.10"]
[EventType "tourn"]
[EventCountry "USA"]
[SourceTitle "playchess.com"]
[Source "ChessBase"]
[SourceQuality "1"]

{[%evp 16,85,11,3,4,7,3,0,0,0,0,0,0,0,0,0,0,0,108,120,175,195,154,197,189,182,187,191,177,177,174,166,201,201,354,318,458,460,444,426,349,264,554,530,1142,1020,2084,2109,2072,2044,2029,1928,1916,1556,1608,1806,1781,1760,1431,1529,29984,29985,29985,29986,29986,29987,29987,29986,29986,29987,29978,2926]} 1. e4 e6 2. d4 d5 3. Nc3 Nf6 4. e5 Nfd7 5. f4 c5 6. Nf3 Nc6 7. Be3 a6 8. a3 cxd4 9. Nxd4 Bc5 {C11: French: Classical System: 4 e5 and 4 Bg5 dxe4} 10. Qd2 O-O (10... Qc7 11. O-O-O Nxd4 12. Bxd4 b5 13. h4 O-O 14. Rh3 Rb8 15. Bxc5 Nxc5 16. b4 Nd7 17. Ne2 {1-0 (37) Karjakin,S (2760)-Lomasov,S (2540) Douglas 2018}) 11. h4 Nxd4 {The position is equal.} 12. Bxd4 b5 13. O-O-O Rb8 14. Bxc5 Nxc5 15. Qd4 Qc7 $146 ({Predecessor:} 15... Qb6 16. b4 Nd7 17. g4 Qxd4 18. Rxd4 {½-½ (34) Kluegel,J (2500)-Terreaux,G (2459) ICCF email 2015}) 16. h5 Bd7 (16... h6 $11) 17. h6 $16 {Strongly threatening hxg7.} g6 (17... f5 $16 {was worth a try.}) 18. b4 $18 Na4 19. Nxa4 bxa4 20. Bxa6 Bb5 21. Bxb5 Rxb5 22. Rh3 Rc8 {[%csl Gc8][%cal Rc7c2]} 23. Rd2 $1 Rb6 24. c4 $1 Qxc4+ $2 (24... f5 {is a better defense.} 25. c5 Rbb8) 25. Qxc4 Rxc4+ {[%mdl 4096] Endgame KRR-KRR} (25... dxc4 {was necessary.} 26. Rd7 Kf8) 26. Rc2 $1 {[%cal Rc2c4]} Rbc6 27. Rxc4 Rxc4+ {KR-KR} 28. Kb2 Kf8 $2 ({Inferior is} 28... Rxf4 29. Rc3 $16) (28... d4 29. Rd3 Kf8) 29. Rc3 $1 {[%cal Rc3c4] Hoping for Rxc4.} Rxf4 {[#]} 30. b5 $1 {[%cal Bb4b5,Bb5b6][%mdl 32]} Ke8 31. b6 Rf2+ 32. Kb1 {Rc1 would kill now.} Rf1+ 33. Kc2 {Threatening mate with b7.} Kd7 34. Rc7+ Kd8 35. Kd3 Rf2 36. Ke3 Rf1 37. Ke2 Rh1 38. Rxf7 {White mates.} Kc8 39. Rxh7 Kb8 40. Kd3 Rd1+ 41. Kc2 Rh1 42. Kc3 Rh4 {[#]} 43. g3 {Accuracy: White = 96%, Black = 55%.} (43. g4 $142 $1 {[%mdl 512]} Rxg4 44. Rg7 Rh4 45. h7 Rc4+ 46. Kd3 Rh4 47. Rg8+ Kb7 48. h8=Q Rxh8 49. Rxh8) 1-0